|
|
|
|
| LEADER |
00000nab a22000005a 4500 |
| 001 |
AR-BbUGT8453 |
| 003 |
AR-BbUGT |
| 005 |
20181220002537.0 |
| 007 |
ta |
| 008 |
181113s1989||||ag |||p |||| 0|||||spa d |
| 040 |
|
|
|a AR-BbUGT
|c AR-BbUGT
|
| 100 |
1 |
|
|a CEDEC y otros
|
| 245 |
1 |
0 |
|a Informe de la investigacón colaborativa sobre municipalidades de ciudades intermedias en América Latina
|
| 653 |
|
|
|a América Latina
|
| 653 |
|
|
|a Municipalidades
|
| 653 |
|
|
|a Ciudades Intermedias
|
| 773 |
0 |
|
|o R260.44
|g Vol. 7, no. 28 (1989), p. 61-68
|t Medio ambiente y urbanización
|x 03267857
|w AR-BbUGT7015
|
| 942 |
|
|
|2 ddc
|c ARTPP
|
| 999 |
|
|
|c 13969
|d 13969
|